| 000 -LEADER | |
|---|---|
| fixed length control field | 01464cam a2200301 a 4500 |
| 001 - CONTROL NUMBER | |
| control field | 17860153 |
| 003 - CONTROL NUMBER IDENTIFIER | |
| control field | OSt |
| 005 - DATE AND TIME OF LATEST TRANSACTION | |
| control field | 20250420134803.0 |
| 008 - FIXED-LENGTH DATA ELEMENTS--GENERAL INFORMATION | |
| fixed length control field | 130821s2015 mau b 001 0 eng |
| 010 ## - LIBRARY OF CONGRESS CONTROL NUMBER | |
| LC control number | 2013034383 |
| 020 ## - INTERNATIONAL STANDARD BOOK NUMBER | |
| International Standard Book Number | 9781284074482 (hbk.) |
| 040 ## - CATALOGING SOURCE | |
| Original cataloging agency | DLC |
| Transcribing agency | KCST |
| 042 ## - AUTHENTICATION CODE | |
| Authentication code | pcc |
| 050 00 - LIBRARY OF CONGRESS CALL NUMBER | |
| Classification number | QA76.9.C643 |
| Item number | N85 2015 |
| 082 00 - DEWEY DECIMAL CLASSIFICATION NUMBER | |
| Classification number | 004.22 |
| Edition information | 23 |
| 100 1# - MAIN ENTRY--PERSONAL NAME | |
| Personal name | Null, Linda. |
| 9 (RLIN) | 986 |
| 245 14 - TITLE STATEMENT | |
| Title | The essentials of computer organization and architecture / |
| Statement of responsibility, etc. | Linda Null, The Pennsylvania State University, Julia Lobur, The Pennsylvania State University. |
| 250 ## - EDITION STATEMENT | |
| Edition statement | Enhanced 4th ed. |
| 260 ## - PUBLICATION, DISTRIBUTION, ETC. | |
| Place of publication, distribution, etc. | Burlington, Massachusetts : |
| Name of publisher, distributor, etc. | Jones & Bartlett Learning, |
| Date of publication, distribution, etc. | 2015. |
| 300 ## - PHYSICAL DESCRIPTION | |
| Extent | xxxiii, 879 pages ; |
| Dimensions | 24 cm. |
| 504 ## - BIBLIOGRAPHY, ETC. NOTE | |
| Bibliography, etc. note | Includes bibliographical references and index. |
| 505 0# - FORMATTED CONTENTS NOTE | |
| Formatted contents note | Data representation in computer systems -- Boolean algebra and digital logic -- MARIE: an introduction to a simple computer -- A closer look at instruction set architecture -- Memory -- Input/output and storage systems -- System software -- Alternative architectures -- Topics in embedded systems -- Performance measurement and analysis -- Network organization and architecture -- Selected storage systems and interfaces -- Data structures and the computer -- Glossary -- Answers and hints for selected exercises. |
| 650 #0 - SUBJECT ADDED ENTRY--TOPICAL TERM | |
| Topical term or geographic name entry element | Computer organization. |
| 9 (RLIN) | 987 |
| 650 #0 - SUBJECT ADDED ENTRY--TOPICAL TERM | |
| Topical term or geographic name entry element | Computer architecture. |
| 9 (RLIN) | 988 |
| 700 1# - ADDED ENTRY--PERSONAL NAME | |
| Personal name | Lobur, Julia. |
| 9 (RLIN) | 989 |
| 942 ## - ADDED ENTRY ELEMENTS (KOHA) | |
| Koha item type | Book |
| 942 ## - ADDED ENTRY ELEMENTS (KOHA) | |
| Source of classification or shelving scheme | Dewey Decimal Classification |
| Withdrawn status | Lost status | Source of classification or shelving scheme | Damaged status | Not for loan | Home library | Current library | Date acquired | Cost, normal purchase price | Total checkouts | Full call number | Barcode | Date last seen | Price effective from | Koha item type |
|---|---|---|---|---|---|---|---|---|---|---|---|---|---|---|
| Dewey Decimal Classification | KCST Library | KCST Library | 15/12/2019 | 20.50 | 004.22 Nu Co | 1000000229 | 15/12/2019 | 15/12/2019 | Book |